W którym kraju znajduje się ten wieżowiec? - Statystyki

Ogólne statystyki
  • Ten quiz został rozwiązany 48 razy
  • Średni wynik to 9 z 16
Statystyki odpowiedzi
Obrazkowy Odpowiedź % Poprawnych
Zjednoczone Emiraty Arabskie
95%
Stany Zjednoczone
83%
Singapur
80%
Malezja
75%
Polska
75%
Chiny
73%
Korea Północna
70%
Arabia Saudyjska
68%
Wielka Brytania
68%
Rosja
65%
Tajwan
63%
Korea Południowa
48%
Niemcy
40%
Japonia
18%
Panama
8%
Australia
5%
Nie znaleziono quizów pasujących do podanych kryteriów
Rozkład punktacji
Procent ludzi z każdym wynikiem
Percentyl według liczby udzielonych odpowiedzi
Twoja historia wyników
Nie rozwiązałeś tego quizu